000
00331nam a2200133Ia 4500
005
20251222144917.0
008
251222s9999||||xx |||||||||||||| ||spa||
020
_a
978-9972-242-41-0
082
_a
868.94/V42
100
_a
Velloso Da Silveira, Lúcia
245
0
_a
Vientos del Cordel Brasileño:
264
_b
Hozlo
942
_c
LIB
999
_c
22585
_d
22585